| 000 | 00727cam a22002531 4500 | ||
|---|---|---|---|
| 001 | sa 68002526 | ||
| 003 | DLC | ||
| 005 | 20260227112444.0 | ||
| 008 | 950126s1964 ii c b 000 0 newo | ||
| 010 | _asa 68002526 | ||
| 025 | _aPL480:I-N-9 | ||
| 035 | _a(OCoLC)31893675 | ||
| 040 |
_aDLC _cCU _dCU _dDLC |
||
| 042 | _apremarc | ||
| 050 | 0 | 0 |
_aPL3801.N55 _bH7 |
| 100 | 1 |
_aHridaya, Chitta Dhar, _d1906-1982. |
|
| 245 | 1 | 0 | _aDharmāditya Dharmācārya va Nepāla bhāshā va thvayā sāhitya. |
| 260 | _c[1964?] | ||
| 300 |
_a46 p. _bport. _c19 cm. |
||
| 500 | _aIn Newari. | ||
| 504 | _aBibliography of Newari literature: p. 39-46. | ||
| 600 | 0 | 0 |
_aDharmaditya Dharmacharya, _d1906-1963. |
| 650 | 0 | _aNewari literature. | |
| 999 |
_c78796 _d78796 |
||